00793nam a2200205Ia 4500008004100000020002200041041000800063082001700071100001500088245004000103260004000143300000900183440004200192500008400234650002300318700004800341906000700389999001700396952017400413230125s9999 xx 000 0 und d a978-93-80032-63-4 aeng a823bCAN/HAN aCanfield J aChicken Soup for the Indian Teenage c2009bWestland PublicationsaMumbai a336p aChicken Soup for the Soul Series Book aEnglish Literature;Literature;Series Book;Chicken Soup for the Soul Series Book aEnglish Literature aCanfield J; Hansen M V & Bharadia R9108362 b74 c85197d85197 00104070aHIMRbHIMRd2012-04-18ePritam Book Centreg295.00i8009/3/19/2012l0o823 CAN/HAN B11286pHIMR-BK-11286r2023-01-25 00:00:00v221.00w2012-04-02yBKzB11286